[Event "Stay Safe Play From Home 284"]
[Site "Emanuel Lasker Arena"]
[Date "2020.07.07"]
[Round "5"]
[White "Haxhi Baha"]
[Black "Sfantul321"]
[Result "1-0"]
[WhiteElo "2030"]
[BlackElo "2024"]
[Annotator "NA"]
[PlyCount "105"]
[EventDate "2020.07.07"]
[EventType "swiss (blitz)"]

1. e4 {[%emt 0:00:01]} g6 {[%emt 0:00:00]} 2. d4 {[%emt 0:00:01]} Bg7 {[%emt 0:00:00]} 3. Nc3 {[%emt 0:00:01]} d6 {[%emt 0:00:00]} 4. Be3 {[%emt 0:00:01]} Nf6 {[%emt 0:00:00]} 5. Be2 {[%emt 0:00:01]} O-O {[%emt 0:00:01]} 6. g4 {[%emt 0:00:01]} e5 {[%emt 0:00:01]} 7. d5 {[%emt 0:00:01]} Nfd7 {[%emt 0:00:01]} 8. g5 {[%emt 0:00:01]} f5 {[%emt 0:00:01]} 9. h4 {[%emt 0:00:03]} f4 {[%emt 0:00:01]} 10. Bc1 {[%emt 0:00:02]} Nc5 {[%emt 0:00:02]} 11. Bg4 {[%emt 0:00:01]} a5 {[%emt 0:00:02]} 12. h5 {[%emt 0:00:02]} Nba6 {[%emt 0:00:01]} 13. Bxc8 {[%emt 0:00:01]} Qxc8 {[%emt 0:00:01]} 14. hxg6 {[%emt 0:00:00]} hxg6 {[%emt 0:00:01]} 15. f3 {[%emt 0:00:02]} Nb4 {[%emt 0:00:02]} 16. a3 {[%emt 0:00:02]} Nba6 {[%emt 0:00:01]} 17. Qe2 {[%emt 0:00:01]} Rb8 {[%emt 0:00:01]} 18. Qh2 {[%emt 0:00:01]} Kf7 {[%emt 0:00:01]} 19. Nge2 {[%emt 0:00:01]} Rh8 {[%emt 0:00:02]} 20. Qg1 {[%emt 0:00:01]} Rxh1 {[%emt 0:00:01]} 21. Qxh1 {[%emt 0:00:00]} Qd8 {[%emt 0:00:00]} 22. Qh4 {[%emt 0:00:02]} Qe7 {[%emt 0:00:01]} 23. Bd2 {[%emt 0:00:01]} Rh8 {[%emt 0:00:01]} 24. Qf2 {[%emt 0:00:02]} Rh1+ {[%emt 0:00:02]} 25. Ng1 {[%emt 0:00:01]} Qxg5 {[%emt 0:00:00]} 26. O-O-O {[%emt 0:00:01]} Bf6 {[%emt 0:00:01]} 27. Nb5 {[%emt 0:00:03]} Bd8 {[%emt 0:00:02]} 28. Ne2 {[%emt 0:00:02]} Rxd1+ {[%emt 0:00:02]} 29. Kxd1 {[%emt 0:00:00]} b6 {[%emt 0:00:00]} 30. b4 {[%emt 0:00:03]} axb4 {[%emt 0:00:01]} 31. axb4 {[%emt 0:00:00]} Nb7 {[%emt 0:00:00]} 32. c4 {[%emt 0:00:01]} Qh4 {[%emt 0:00:03]} 33. Qxh4 {[%emt 0:00:02]} Bxh4 {[%emt 0:00:01]} 34. Kc2 {[%emt 0:00:01]} Bf2 {[%emt 0:00:01]} 35. Kd3 {[%emt 0:00:01]} g5 {[%emt 0:00:01]} 36. Nc1 {[%emt 0:00:04]} Nd8 {[%emt 0:00:01]} 37. Ke2 {[%emt 0:00:01]} Bg1 {[%emt 0:00:01]} 38. Nd3 {[%emt 0:00:01]} Be3 {[%emt 0:00:01]} 39. Bxe3 {[%emt 0:00:01]} fxe3 {[%emt 0:00:00]} 40. Kxe3 {[%emt 0:00:00]} Kg6 {[%emt 0:00:01]} 41. Kf2 {[%emt 0:00:01]} Kh5 {[%emt 0:00:01]} 42. Kg3 {[%emt 0:00:00]} Nf7 {[%emt 0:00:02]} 43. Nc3 {[%emt 0:00:03]} Nh6 {[%emt 0:00:01]} 44. Na4 {[%emt 0:00:01]} g4 {[%emt 0:00:02]} 45. f4 {[%emt 0:00:01]} exf4+ {[%emt 0:00:01]} 46. Nxf4+ {[%emt 0:00:00]} Kg5 {[%emt 0:00:01]} 47. Ne6+ {[%emt 0:00:00]} Kf6 {[%emt 0:00:01]} 48. b5 {[%emt 0:00:00]} Nc5 {[%emt 0:00:02]} 49. Naxc5 {[%emt 0:00:01]} dxc5 {[%emt 0:00:01]} 50. Nxc7 {[%emt 0:00:00]} Ke5 {[%emt 0:00:00]} 51. Na8 {[%emt 0:00:00]} Kxe4 {[%emt 0:00:02]} 52. Nxb6 {[%emt 0:00:00]} Kf5 {[%emt 0:00:01]} 53. d6 {[%emt 0:00:00] Time (Lag: Av=0.56s, max=1.1s)} 1-0

[Event "Stay Safe Play From Home 284"]
[Site "Emanuel Lasker Arena"]
[Date "2020.07.07"]
[Round "5"]
[White "Trotsky"]
[Black "Aadi3110theking"]
[Result "1-0"]
[WhiteElo "1630"]
[BlackElo "1501"]
[Annotator "NA"]
[PlyCount "49"]
[EventDate "2020.07.07"]
[EventType "swiss (blitz)"]

1. d4 {[%emt 0:00:01]} Nf6 {[%emt 0:00:02]} 2. e3 {[%emt 0:00:00]} c5 {[%emt 0:00:01]} 3. c4 {[%emt 0:00:01]} b6 {[%emt 0:00:01]} 4. Nc3 {[%emt 0:00:01]} Bb7 {[%emt 0:00:01]} 5. Qc2 {[%emt 0:00:00]} cxd4 {[%emt 0:00:01]} 6. exd4 {[%emt 0:00:01]} g6 {[%emt 0:00:00]} 7. Be3 {[%emt 0:00:01]} Bg7 {[%emt 0:00:00]} 8. f3 {[%emt 0:00:00]} O-O {[%emt 0:00:00]} 9. Bd3 {[%emt 0:00:01]} d6 {[%emt 0:00:01]} 10. h4 {[%emt 0:00:01]} Nbd7 {[%emt 0:00:01]} 11. Nh3 {[%emt 0:00:02]} Rc8 {[%emt 0:00:02]} 12. Ng5 {[%emt 0:00:01]} e5 {[%emt 0:00:03]} 13. h5 {[%emt 0:00:01]} exd4 {[%emt 0:00:03]} 14. hxg6 {[%emt 0:00:01]} fxg6 {[%emt 0:00:00]} 15. Bxg6 {[%emt 0:00:01]} d3 {[%emt 0:00:14]} 16. Bxd3 {[%emt 0:00:02]} Ne5 {[%emt 0:00:02]} 17. Bxh7+ {[%emt 0:00:04]} Kh8 {[%emt 0:00:02]} 18. O-O-O {[%emt 0:00:01]} Rxc4 {[%emt 0:00:04]} 19. Bd3+ {[%emt 0:00:02]} Kg8 {[%emt 0:00:03]} 20. Bxc4+ {[%emt 0:00:02]} Nxc4 {[%emt 0:00:01]} 21. Qg6 {[%emt 0:00:03]} Nxe3 {[%emt 0:00:02]} 22. Rh7 {[%emt 0:00:01]} Qc7 {[%emt 0:00:06]} 23. Ne6 {[%emt 0:00:04]} Qe7 {[%emt 0:00:02]} 24. Rxg7+ {[%emt 0:00:01]} Qxg7 {[%emt 0:00:02]} 25. Qxg7# {[%emt 0:00:01] (Lag: Av=0.98s, max=1.6s)} 1-0

[Event "Stay Safe Play From Home 284"]
[Site "Emanuel Lasker Arena"]
[Date "2020.07.07"]
[Round "5"]
[White "Robk"]
[Black "Cirovicz"]
[Result "0-1"]
[WhiteElo "1497"]
[BlackElo "1911"]
[PlyCount "54"]
[EventDate "2020.07.07"]
[EventType "swiss (blitz)"]

1. e4 {[%emt 0:00:02]} e5 {[%emt 0:00:02]} 2. Nf3 {[%emt 0:00:02]} d6 {[%emt 0:00:01]} 3. d4 {[%emt 0:00:03]} Bg4 {[%emt 0:00:00]} 4. dxe5 {[%emt 0:00:02]} Bxf3 {[%emt 0:00:01]} 5. gxf3 {[%emt 0:00:01]} dxe5 {[%emt 0:00:01]} 6. Qxd8+ {[%emt 0:00:01]} Kxd8 {[%emt 0:00:00]} 7. Nc3 {[%emt 0:00:01]} Bb4 {[%emt 0:00:02]} 8. Bd2 {[%emt 0:00:01]} Nc6 {[%emt 0:00:01]} 9. O-O-O {[%emt 0:00:01]} Nge7 {[%emt 0:00:01]} 10. Bg5+ {[%emt 0:00:07]} Ke8 {[%emt 0:00:02]} 11. Nd5 {[%emt 0:00:01]} f6 {[%emt 0:00:01]} 12. Nxc7+ {[%emt 0:00:02]} Kf7 {[%emt 0:00:01]} 13. Nxa8 {[%emt 0:00:01]} fxg5 {[%emt 0:00:01]} 14. Nc7 {[%emt 0:00:01]} Nd4 {[%emt 0:00:01]} 15. Nd5 {[%emt 0:00:06]} Nxd5 {[%emt 0:00:02]} 16. exd5 {[%emt 0:00:00]} Nxf3 {[%emt 0:00:01]} 17. Be2 {[%emt 0:00:02]} Nh4 {[%emt 0:00:03]} 18. Bc4 {[%emt 0:00:02]} Bd6 {[%emt 0:00:02]} 19. a3 {[%emt 0:00:07]} Ng6 {[%emt 0:00:01]} 20. b4 {[%emt 0:00:01]} Nf4 {[%emt 0:00:01]} 21. Bb3 {[%emt 0:00:02]} Rc8 {[%emt 0:00:01]} 22. c4 {[%emt 0:00:02]} b6 {[%emt 0:00:02]} 23. Kb2 {[%emt 0:00:02]} Ne2 {[%emt 0:00:01]} 24. c5 {[%emt 0:00:00]} bxc5 {[%emt 0:00:03]} 25. bxc5 {[%emt 0:00:00]} Bxc5 {[%emt 0:00:01]} 26. Rd2 {[%emt 0:00:02]} Bd4+ {[%emt 0:00:01]} 27. Ka2 {[%emt 0:00:02]} Nc3+ {[%emt 0:00:00] Time (Lag: Av=0.78s, max=0.9s)} 0-1

[Event "Stay Safe Play From Home 284"]
[Site "Emanuel Lasker Arena"]
[Date "2020.07.07"]
[Round "5"]
[White "Klasman"]
[Black "Mandy"]
[Result "1-0"]
[WhiteElo "1403"]
[BlackElo "920"]
[Annotator "NA"]
[PlyCount "31"]
[EventDate "2020.07.07"]
[EventType "swiss (blitz)"]

1. f4 {[%emt 0:00:03]} c6 {[%emt 0:00:02]} 2. Nf3 {[%emt 0:00:02]} Nf6 {[%emt 0:00:01]} 3. c4 {[%emt 0:00:02]} g6 {[%emt 0:00:03]} 4. d4 {[%emt 0:00:02]} d5 {[%emt 0:00:03]} 5. Nc3 {[%emt 0:00:01]} Bg4 {[%emt 0:00:04]} 6. e3 {[%emt 0:00:02]} e6 {[%emt 0:00:02]} 7. Be2 {[%emt 0:00:02]} Bb4 {[%emt 0:00:01]} 8. Qb3 {[%emt 0:00:01]} Qb6 {[%emt 0:00:06]} 9. cxd5 {[%emt 0:00:06]} cxd5 {[%emt 0:00:08]} 10. Bd2 {[%emt 0:00:04]} Nbd7 {[%emt 0:00:02]} 11. Kf1 {[%emt 0:00:04]} O-O {[%emt 0:00:02]} 12. Na4 {[%emt 0:00:03]} Qc7 {[%emt 0:00:10]} 13. Bxb4 {[%emt 0:00:02]} Rfc8 {[%emt 0:00:09]} 14. Nc5 {[%emt 0:00:01]} b6 {[%emt 0:00:04]} 15. Nxd7 {[%emt 0:00:02]} Qxd7 {[%emt 0:00:02]} 16. Kf2 {[%emt 0:00:03] Zeit (Lag: Av=0.47s, max=0.5s)} 1-0

[Event "Stay Safe Play From Home 284"]
[Site "Emanuel Lasker Arena"]
[Date "2020.07.07"]
[Round "6"]
[White "Broken sword"]
[Black "Mepe_Nika"]
[Result "0-1"]
[WhiteElo "2500"]
[BlackElo "2368"]
[Annotator "TA"]
[PlyCount "114"]
[EventDate "2020.07.07"]
[EventType "swiss (blitz)"]

{[%evp 11,114,33,40,18,134,103,184,172,177,24,20,41,147,95,92,100,108,112,99,97,88,57,66,28,25,18,64,61,129,62,74,0,32,24,62,52,161,23,42,-113,-76,-122,-119,-372,-372,-273,-204,-202,-204,-210,-173,-181,-168,-157,-104,-300,-297,-293,-288,-315,-310,-377,-377,-12841,-1258,-1877,-1825,-12838,-12839,-29975,-12844,-12844,-12844,-12845,-12845,-12845,-1630,-29990,-29991,-29991,-29992,-29992,-29993,-29993,-29994,-29994,-29995,-29996,-29997,-29997,-29996,-29997,-29997,-29997,-29997,-29997,-29996,-29997,-29997,-29997,-29997,-29997,-29997,-29998,-29999]} 1. e4 g6 2. d4 d6 3. Nc3 c6 4. Be3 Bg7 5. Qd2 b5 6. a3 Nd7 {has lost popularity (6...a6).} 7. f4 {[#] B06: Modern Defence.} e5 $146 (7... Ngf6 $11 {keeps the balance.}) ({Predecessor:} 7... Ngf6 8. h3 Nb6 9. Nf3 O-O 10. Bd3 Nc4 11. Bxc4 bxc4 12. O-O d5 13. e5 Ne4 14. Nxe4 dxe4 {0-1 (39) Kevlishvili,R (2417)-Bitalzadeh,A (2388) chess.com INT 2017}) 8. Nf3 Ne7 (8... Ngf6 $16 {keeps fighting.}) 9. fxe5 {White is clearly better.} dxe5 10. d5 $2 (10. O-O-O $18) 10... cxd5 $11 11. Nxd5 O-O (11... Nxd5 $14 12. Qxd5 {[%mdl 64] Double Attack} Rb8) 12. Bxb5 (12. O-O-O $142 $1) 12... Nxd5 13. Qxd5 {Strongly threatening Bc6.} Nb6 14. Qxd8 Rxd8 15. O-O Be6 16. Bd3 (16. b3 {seems wilder.} Rdc8 17. Rac1 Nd7 18. Rcd1 Nc5 19. Ng5) 16... Nc4 17. Bxc4 (17. Bc1 {looks sharper.} f6 18. b3 Na5 19. Rd1 Bf8 20. Be3) 17... Bxc4 18. Rfd1 f5 19. b3 Be6 (19... Ba6 $14) 20. Ng5 (20. Rxd8+ $1 $16 Rxd8 21. Bxa7) 20... Bd7 $14 21. Nf3 (21. Rd6 $16 {Black must now prevent Rad1.} Bf8 22. Ra6) 21... fxe4 22. Nd2 Bf5 23. Nc4 Rac8 (23... Re8 $14) 24. a4 ({Much less strong is} 24. Bxa7 $6 Rxd1+ 25. Rxd1 Be6 $16) (24. Rxd8+ $18 Rxd8 25. Bxa7) 24... Rd4 $1 $11 25. Nd6 $2 (25. Re1 $14 {keeps the upper hand.}) 25... Rxc2 $17 26. Nxf5 gxf5 27. Bxd4 $4 {[%mdl 8192]} (27. g3 $17 {was necessary.}) 27... exd4 {[%mdl 4096] Endgame KRR-KRB} 28. Rac1 Rb2 29. Rc8+ Kf7 30. Rc7+ Kg6 31. Rxa7 {[#]} d3 $1 {And now ...Bd4+ would win.} 32. Rd7 Rxb3 (32... Bc3 $142 33. Rf1 Kf6) 33. Rd6+ $2 (33. a5 $17) 33... Kg5 $19 34. g3 Be5 35. Rd5 {[#]} Kf6 $1 {[%cal Rf6e6]} 36. a5 Ke6 37. Rc5 $2 (37. Rd8 Bf6 38. Ra8) 37... e3 (37... Bd4+ $142 38. Kf1 Bxc5) 38. Rc6+ Kd5 39. Rc8 e2 40. Rd8+ Ke4 41. Re1 Ke3 42. Re8 Rb5 {( -> ...d2)} 43. a6 Kd2 (43... d2 $142 44. Rxe2+ Kxe2) 44. Re6 Kxe1 {Black mates.} 45. Rxe5 Rxe5 {KR-K3P} 46. a7 Ra5 47. a8=Q Rxa8 {KR-KPP} 48. Kg2 Kd2 49. Kh3 e1=Q 50. Kh4 {[#]} Qf2 $1 51. h3 Ra5 52. Kg5 Qxg3+ 53. Kf6 Qxh3 54. Kg5 Qg4+ 55. Kf6 f4 56. Ke7 Qg6 57. Kd7 Ra7+ {Accuracy: White = 28%, Black = 55%.} 0-1

[Event "Stay Safe Play From Home 284"]
[Site "Emanuel Lasker Arena"]
[Date "2020.07.07"]
[Round "6"]
[White "Jhhonnyy"]
[Black "Trotsky"]
[Result "1-0"]
[WhiteElo "2300"]
[BlackElo "1641"]
[PlyCount "51"]
[EventDate "2020.07.07"]
[EventType "swiss (blitz)"]

1. d4 {[%emt 0:00:01]} d5 {[%emt 0:00:01]} 2. c4 {[%emt 0:00:00]} e6 {[%emt 0:00:00]} 3. Nf3 {[%emt 0:00:00]} c5 {[%emt 0:00:01]} 4. g3 {[%emt 0:00:00]} Nc6 {[%emt 0:00:01]} 5. cxd5 {[%emt 0:00:00]} exd5 {[%emt 0:00:01]} 6. Bg2 {[%emt 0:00:00]} Be6 {[%emt 0:00:01]} 7. O-O {[%emt 0:00:00]} c4 {[%emt 0:00:01]} 8. b3 {[%emt 0:00:02]} Qc7 {[%emt 0:00:01]} 9. Na3 {[%emt 0:00:02]} a6 {[%emt 0:00:01]} 10. bxc4 {[%emt 0:00:01]} Nf6 {[%emt 0:00:01]} 11. cxd5 {[%emt 0:00:01]} Bxd5 {[%emt 0:00:01]} 12. Bf4 {[%emt 0:00:01]} Bd6 {[%emt 0:00:01]} 13. Bxd6 {[%emt 0:00:01]} Qxd6 {[%emt 0:00:01]} 14. Qc1 {[%emt 0:00:01]} Ng4 {[%emt 0:00:02]} 15. Nc4 {[%emt 0:00:01]} Qc7 {[%emt 0:00:02]} 16. Nce5 {[%emt 0:00:01]} h5 {[%emt 0:00:02]} 17. Nxg4 {[%emt 0:00:04]} hxg4 {[%emt 0:00:01]} 18. Qe3+ {[%emt 0:00:00]} Be6 {[%emt 0:00:05]} 19. d5 {[%emt 0:00:03]} O-O-O {[%emt 0:00:01]} 20. dxe6 {[%emt 0:00:01]} fxe6 {[%emt 0:00:01]} 21. Qxe6+ {[%emt 0:00:02]} Kb8 {[%emt 0:00:01]} 22. Ng5 {[%emt 0:00:01]} Rde8 {[%emt 0:00:08]} 23. Qc4 {[%emt 0:00:02]} Rh6 {[%emt 0:00:03]} 24. Rab1 {[%emt 0:00:01]} Reh8 {[%emt 0:00:02]} 25. Nf7 {[%emt 0:00:04]} Rc8 {[%emt 0:00:09]} 26. Nxh6 {[%emt 0:00:01] Trotsky Ñäàåòñÿ (Lag: Av=0.20s, max=0.3s)} 1-0

[Event "Stay Safe Play From Home 284"]
[Site "Emanuel Lasker Arena"]
[Date "2020.07.07"]
[Round "6"]
[White "Lazieri3"]
[Black "SoulofWolf"]
[Result "0-1"]
[WhiteElo "2119"]
[BlackElo "2177"]
[PlyCount "108"]
[EventDate "2020.07.07"]
[EventType "swiss (blitz)"]

1. e4 {[%emt 0:00:02]} c6 {[%emt 0:00:00]} 2. Nc3 {[%emt 0:00:00]} d5 {[%emt 0:00:00]} 3. d4 {[%emt 0:00:00]} dxe4 {[%emt 0:00:01]} 4. Nxe4 {[%emt 0:00:00]} Nf6 {[%emt 0:00:00]} 5. Nxf6+ {[%emt 0:00:00]} exf6 {[%emt 0:00:00]} 6. Nf3 {[%emt 0:00:00]} Be7 {[%emt 0:00:00]} 7. Bf4 {[%emt 0:00:00]} O-O {[%emt 0:00:00]} 8. Bd3 {[%emt 0:00:01]} Bg4 {[%emt 0:00:00]} 9. O-O {[%emt 0:00:01]} Bh5 {[%emt 0:00:00]} 10. c3 {[%emt 0:00:01]} Nd7 {[%emt 0:00:00]} 11. Be2 {[%emt 0:00:01]} Nb6 {[%emt 0:00:01]} 12. Nd2 {[%emt 0:00:01]} Bg6 {[%emt 0:00:01]} 13. Nc4 {[%emt 0:00:01]} Nd5 {[%emt 0:00:01]} 14. Bg3 {[%emt 0:00:00]} b5 {[%emt 0:00:01]} 15. Ne3 {[%emt 0:00:02]} Nb6 {[%emt 0:00:02]} 16. Bf3 {[%emt 0:00:01]} Qd7 {[%emt 0:00:01]} 17. b3 {[%emt 0:00:01]} Rac8 {[%emt 0:00:01]} 18. Re1 {[%emt 0:00:01]} f5 {[%emt 0:00:02]} 19. Bf4 {[%emt 0:00:03]} h6 {[%emt 0:00:01]} 20. h3 {[%emt 0:00:02]} Bh7 {[%emt 0:00:01]} 21. Qd2 {[%emt 0:00:02]} g5 {[%emt 0:00:01]} 22. Bh2 {[%emt 0:00:01]} Bf6 {[%emt 0:00:03]} 23. Bh5 {[%emt 0:00:03]} Rfd8 {[%emt 0:00:01]} 24. Rad1 {[%emt 0:00:02]} Ra8 {[%emt 0:00:02]} 25. Nf1 {[%emt 0:00:03]} a5 {[%emt 0:00:01]} 26. f4 {[%emt 0:00:01]} Kg7 {[%emt 0:00:02]} 27. fxg5 {[%emt 0:00:01]} hxg5 {[%emt 0:00:00]} 28. Be5 {[%emt 0:00:05]} Nd5 {[%emt 0:00:01]} 29. Bxf6+ {[%emt 0:00:01]} Nxf6 {[%emt 0:00:00]} 30. Bf3 {[%emt 0:00:01]} f4 {[%emt 0:00:02]} 31. Qf2 {[%emt 0:00:02]} Bf5 {[%emt 0:00:04]} 32. Nd2 {[%emt 0:00:01]} Kg6 {[%emt 0:00:00]} 33. Ne4 {[%emt 0:00:01]} Nxe4 {[%emt 0:00:02]} 34. Bxe4 {[%emt 0:00:00]} Re8 {[%emt 0:00:00]} 35. Bxf5+ {[%emt 0:00:01]} Qxf5 {[%emt 0:00:01]} 36. Rxe8 {[%emt 0:00:00]} Rxe8 {[%emt 0:00:00]} 37. Re1 {[%emt 0:00:00]} Re4 {[%emt 0:00:01]} 38. Rxe4 {[%emt 0:00:01]} Qxe4 {[%emt 0:00:00]} 39. Qf3 {[%emt 0:00:00]} Qb1+ {[%emt 0:00:01]} 40. Kh2 {[%emt 0:00:01]} Qxa2 {[%emt 0:00:01]} 41. Qxc6+ {[%emt 0:00:01]} Kg7 {[%emt 0:00:00]} 42. d5 {[%emt 0:00:02]} Qxb3 {[%emt 0:00:04]} 43. d6 {[%emt 0:00:01]} Qe6 {[%emt 0:00:01]} 44. Qc7 {[%emt 0:00:04]} Qe5 {[%emt 0:00:03]} 45. d7 {[%emt 0:00:01]} Qxc7 {[%emt 0:00:01]} 46. h4 {[%emt 0:00:00]} Qd8 {[%emt 0:00:00]} 47. hxg5 {[%emt 0:00:00]} Kg6 {[%emt 0:00:01]} 48. Kh3 {[%emt 0:00:01]} Kxg5 {[%emt 0:00:00]} 49. Kh2 {[%emt 0:00:02]} Kf5 {[%emt 0:00:00]} 50. Kg1 {[%emt 0:00:00]} a4 {[%emt 0:00:00]} 51. Kf2 {[%emt 0:00:00]} a3 {[%emt 0:00:00]} 52. Kf3 {[%emt 0:00:00]} a2 {[%emt 0:00:00]} 53. g4+ {[%emt 0:00:00]} fxg3 {[%emt 0:00:01]} 54. Kxg3 {[%emt 0:00:01]} Ke5 {[%emt 0:00:00] Time (Lag: Av=0.57s, max=1.0s)} 0-1

[Event "Stay Safe Play From Home 284"]
[Site "Emanuel Lasker Arena"]
[Date "2020.07.07"]
[Round "6"]
[White "Fischer_11"]
[Black "Klasman"]
[Result "1-0"]
[WhiteElo "2016"]
[BlackElo "1405"]
[Annotator "NA"]
[PlyCount "61"]
[EventDate "2020.07.07"]
[EventType "swiss (blitz)"]

1. e4 {[%emt 0:00:05]} f5 {[%emt 0:00:01]} 2. Nc3 {[%emt 0:00:01]} fxe4 {[%emt 0:00:01]} 3. Nxe4 {[%emt 0:00:00]} Nf6 {[%emt 0:00:01]} 4. Nc3 {[%emt 0:00:00]} d5 {[%emt 0:00:01]} 5. d4 {[%emt 0:00:00]} Nc6 {[%emt 0:00:02]} 6. Nf3 {[%emt 0:00:00]} e6 {[%emt 0:00:01]} 7. Be2 {[%emt 0:00:00]} Bb4 {[%emt 0:00:01]} 8. O-O {[%emt 0:00:00]} Bxc3 {[%emt 0:00:01]} 9. bxc3 {[%emt 0:00:01]} Ne4 {[%emt 0:00:01]} 10. c4 {[%emt 0:00:03]} O-O {[%emt 0:00:02]} 11. cxd5 {[%emt 0:00:01]} exd5 {[%emt 0:00:02]} 12. Bd3 {[%emt 0:00:01]} Bg4 {[%emt 0:00:02]} 13. h3 {[%emt 0:00:02]} Bh5 {[%emt 0:00:02]} 14. c3 {[%emt 0:00:01]} Qf6 {[%emt 0:00:03]} 15. Be2 {[%emt 0:00:03]} Rae8 {[%emt 0:00:04]} 16. Bd2 {[%emt 0:00:02]} Nxd2 {[%emt 0:00:02]} 17. Qxd2 {[%emt 0:00:00]} Rxe2 {[%emt 0:00:03]} 18. Qxe2 {[%emt 0:00:00]} Bxf3 {[%emt 0:00:01]} 19. Qxf3 {[%emt 0:00:00]} Qxf3 {[%emt 0:00:01]} 20. gxf3 {[%emt 0:00:00]} Rxf3 {[%emt 0:00:01]} 21. Rac1 {[%emt 0:00:04]} Rxh3 {[%emt 0:00:02]} 22. Kg2 {[%emt 0:00:00]} Rd3 {[%emt 0:00:03]} 23. Rc2 {[%emt 0:00:03]} Ne7 {[%emt 0:00:03]} 24. Re1 {[%emt 0:00:02]} Nf5 {[%emt 0:00:02]} 25. Re8+ {[%emt 0:00:01]} Kf7 {[%emt 0:00:01]} 26. Rc8 {[%emt 0:00:01]} g5 {[%emt 0:00:03]} 27. Rxc7+ {[%emt 0:00:01]} Kf6 {[%emt 0:00:02]} 28. Rxb7 {[%emt 0:00:01]} Nh4+ {[%emt 0:00:03]} 29. Kf1 {[%emt 0:00:03]} h5 {[%emt 0:00:02]} 30. Rxa7 {[%emt 0:00:01]} Nf3 {[%emt 0:00:02]} 31. Ke2 {[%emt 0:00:02] Time (Lag: Av=0.35s, max=0.5s)} 1-0

[Event "Stay Safe Play From Home 284"]
[Site "Emanuel Lasker Arena"]
[Date "2020.07.07"]
[Round "6"]
[White "Sfantul321"]
[Black "Bardellosport"]
[Result "1-0"]
[WhiteElo "2007"]
[BlackElo "1979"]
[Annotator "NA"]
[PlyCount "79"]
[EventDate "2020.07.07"]
[EventType "swiss (blitz)"]

1. c4 {[%emt 0:00:00]} d6 {[%emt 0:00:00]} 2. Nc3 {[%emt 0:00:00]} Nd7 {[%emt 0:00:00]} 3. g3 {[%emt 0:00:01]} Ngf6 {[%emt 0:00:00]} 4. Bg2 {[%emt 0:00:00]} e5 {[%emt 0:00:00]} 5. e3 {[%emt 0:00:00]} c6 {[%emt 0:00:00]} 6. Nge2 {[%emt 0:00:00]} Qc7 {[%emt 0:00:00]} 7. O-O {[%emt 0:00:00]} Be7 {[%emt 0:00:00]} 8. d3 {[%emt 0:00:00]} O-O {[%emt 0:00:01]} 9. h3 {[%emt 0:00:00]} a6 {[%emt 0:00:00]} 10. a4 {[%emt 0:00:01]} b6 {[%emt 0:00:01]} 11. Rb1 {[%emt 0:00:01]} Bb7 {[%emt 0:00:01]} 12. e4 {[%emt 0:00:01]} c5 {[%emt 0:00:01]} 13. Nd5 {[%emt 0:00:01]} Nxd5 {[%emt 0:00:01]} 14. exd5 {[%emt 0:00:00]} f5 {[%emt 0:00:00]} 15. f4 {[%emt 0:00:01]} Bf6 {[%emt 0:00:01]} 16. b3 {[%emt 0:00:01]} Rae8 {[%emt 0:00:01]} 17. Qc2 {[%emt 0:00:01]} exf4 {[%emt 0:00:01]} 18. Nxf4 {[%emt 0:00:01]} g6 {[%emt 0:00:00]} 19. Bb2 {[%emt 0:00:02]} Qb8 {[%emt 0:00:02]} 20. Bxf6 {[%emt 0:00:01]} Nxf6 {[%emt 0:00:01]} 21. Ne6 {[%emt 0:00:00]} Rf7 {[%emt 0:00:01]} 22. Rfe1 {[%emt 0:00:02]} Bc8 {[%emt 0:00:02]} 23. Ng5 {[%emt 0:00:03]} Rxe1+ {[%emt 0:00:01]} 24. Rxe1 {[%emt 0:00:01]} Rf8 {[%emt 0:00:01]} 25. Re7 {[%emt 0:00:02]} Bd7 {[%emt 0:00:05]} 26. Qe2 {[%emt 0:00:02]} Qd8 {[%emt 0:00:01]} 27. Kh2 {[%emt 0:00:04]} h6 {[%emt 0:00:01]} 28. Nf3 {[%emt 0:00:01]} Rf7 {[%emt 0:00:01]} 29. Rxf7 {[%emt 0:00:01]} Kxf7 {[%emt 0:00:00]} 30. Nh4 {[%emt 0:00:00]} Qe7 {[%emt 0:00:01]} 31. Qd2 {[%emt 0:00:01]} Qe5 {[%emt 0:00:01]} 32. Qxh6 {[%emt 0:00:02]} Ke7 {[%emt 0:00:04]} 33. Nxg6+ {[%emt 0:00:01]} Kd8 {[%emt 0:00:01]} 34. Nxe5 {[%emt 0:00:00]} dxe5 {[%emt 0:00:00]} 35. Qg7 {[%emt 0:00:00]} Ne8 {[%emt 0:00:01]} 36. Qxe5 {[%emt 0:00:01]} Nc7 {[%emt 0:00:01]} 37. d6 {[%emt 0:00:01]} Ne6 {[%emt 0:00:01]} 38. Bd5 {[%emt 0:00:01]} Ng5 {[%emt 0:00:02]} 39. Qe7+ {[%emt 0:00:01]} Kc8 {[%emt 0:00:01]} 40. Qxg5 {[%emt 0:00:01] Bardellosport abbandona (Lag: Av=0.29s, max=0.4s)} 1-0

[Event "Stay Safe Play From Home 284"]
[Site "Emanuel Lasker Arena"]
[Date "2020.07.07"]
[Round "6"]
[White "Ironmike"]
[Black "Haxhi Baha"]
[Result "0-1"]
[WhiteElo "1959"]
[BlackElo "2046"]
[PlyCount "56"]
[EventDate "2020.07.07"]
[EventType "swiss (blitz)"]
[WhiteTeam "SV Horst-Emscher I"]

{Dönges, Dirk (1820)} 1. e4 {[%emt 0:00:01]} e6 {[%emt 0:00:01]} 2. Nf3 {[%emt 0:00:00]} d5 {[%emt 0:00:00]} 3. exd5 {[%emt 0:00:01]} exd5 {[%emt 0:00:00]} 4. d4 {[%emt 0:00:00]} c6 {[%emt 0:00:00]} 5. Bd3 {[%emt 0:00:01]} Nf6 {[%emt 0:00:00]} 6. O-O {[%emt 0:00:00]} Be7 {[%emt 0:00:01]} 7. h3 {[%emt 0:00:00]} O-O {[%emt 0:00:01]} 8. Bg5 {[%emt 0:00:00]} h6 {[%emt 0:00:00]} 9. Bh4 {[%emt 0:00:02]} Nbd7 {[%emt 0:00:02]} 10. Bg3 {[%emt 0:00:00]} Nb6 {[%emt 0:00:02]} 11. Nbd2 {[%emt 0:00:02]} Bd6 {[%emt 0:00:01]} 12. c4 {[%emt 0:00:01]} Bxg3 {[%emt 0:00:01]} 13. fxg3 {[%emt 0:00:00]} dxc4 {[%emt 0:00:01]} 14. Nxc4 {[%emt 0:00:00]} Be6 {[%emt 0:00:02]} 15. Nxb6 {[%emt 0:00:02]} Qxb6 {[%emt 0:00:02]} 16. b3 {[%emt 0:00:01]} Rfd8 {[%emt 0:00:02]} 17. Rc1 {[%emt 0:00:01]} Bd5 {[%emt 0:00:01]} 18. Kh1 {[%emt 0:00:01]} Bxf3 {[%emt 0:00:01]} 19. Rxf3 {[%emt 0:00:00]} Qxd4 {[%emt 0:00:01]} 20. Rf4 {[%emt 0:00:02]} Qe3 {[%emt 0:00:03]} 21. Rf3 {[%emt 0:00:01]} Rxd3 {[%emt 0:00:05]} 22. Qxd3 {[%emt 0:00:03]} Qxc1+ {[%emt 0:00:01]} 23. Kh2 {[%emt 0:00:00]} Re8 {[%emt 0:00:02]} 24. g4 {[%emt 0:00:00]} Re1 {[%emt 0:00:02]} 25. g5 {[%emt 0:00:02]} hxg5 {[%emt 0:00:01]} 26. h4 {[%emt 0:00:02]} Rh1+ {[%emt 0:00:02]} 27. Kg3 {[%emt 0:00:00]} gxh4+ {[%emt 0:00:00]} 28. Kf2 {[%emt 0:00:04]} Qe1# {[%emt 0:00:01] (Lag: Av=0.74s, max=1.3s)} 0-1